Sports Quiz

Random Sports or Grab Bag Quiz

Sports Groups Grab Bag Quiz Stats

Quiz Updated Oct 12, 2016

Challenge
Share
Tweet
Embed
Score 0/60 Timer 06:00
15 Plays Today
% Correct
Basketball
96.7%
Baseball
96.6%
Australian Open
96.3%
Football
96%
Wimbledon
96%
French Open
95.9%
US Open
95.7%
Gold
95.7%
Blue
95.7%
Red
95.4%
Green
95.4%
Black
95.3%
Bronze
95.2%
Kentucky Derby
95.2%
Touchdown
95.1%
Yellow
95.1%
Silver
95.1%
Cycling
95%
Swimming
94.9%
Denver Broncos
94.8%
Belmont Stakes
94.7%
Los Angeles Chargers
94.7%
Hockey
94.4%
Dallas Texans
94.4%
Field Goal
94.4%
Boston Patriots
94.3%
Ireland
94.3%
Second Base
94.1%
Running
94.1%
Italy
94.1%
% Correct
Oakland Raiders
94.1%
Javelin Throw
94.1%
New York Titans
94.1%
First Base
94%
Discus Throw
94.1%
Catcher
94%
Point Guard
94%
Center
94%
England
93.9%
Scotland
93.9%
Buffalo Bills
93.8%
France
93.8%
Two-Point Conversion
93.8%
Extra Point
93.8%
Center Field
93.6%
Pitcher
93.5%
Wales
93.5%
Right Field
93.5%
Long Jump
93.5%
Left Field
93.5%
Shooting Guard
93.5%
Third Base
93.3%
Houston Oilers
93.1%
Preakness Stakes
92.7%
Power Forward
92.1%
Stadion (Foot Race)
91.2%
Wrestling
91.2%
Shortstop
90.8%
Small Forward
89.7%
Safety
89.1%

You're not logged in!

Compare scores with friends on all Sporcle quizzes.
Join for Free
OR
Log In

You Might Also Like...

Show Comments

Extras

Top Quizzes Today


Score Distribution

Your Account Isn't Verified!

In order to create a playlist on Sporcle, you need to verify the email address you used during registration. Go to your Sporcle Settings to finish the process.

Report this User

Report this user for behavior that violates our Community Guidelines.

Details: